| Tag |
First Indicator |
Second Indicator |
Subfields |
| LEADER |
00000cem a2200000 a 4500 |
| 001 |
in00002705913 |
| 005 |
20220106084734.0 |
| 006 |
m o d f |
| 007 |
aj cznzn |
| 007 |
cr mn| |
| 008 |
110825s2011 vauek bh a fo 0 eng c |
| 034 |
0 |
|
|a a
|d W0974000
|e W0972500
|f N0380500
|g N0375000
|
| 035 |
|
|
|a (OCoLC)ocn747822088
|
| 040 |
|
|
|a GPO
|b eng
|c GPO
|d OCLCQ
|d GPO
|d MvI
|d UtOrBLW
|
| 042 |
|
|
|a pcc
|
| 043 |
|
|
|a n-us-ks
|
| 049 |
|
|
|a WWW
|
| 052 |
|
|
|a 4204
|b W6
|
| 074 |
|
|
|a 0619-G-33 (online)
|
| 086 |
0 |
|
|a I 19.91/3:3159
|
| 100 |
1 |
|
|a Hansen, Cristi V.
|
| 245 |
1 |
0 |
|a Status of ground-water levels and storage volume in the Equus Beds aquifer near Wichita, Kansas, July 2010 /
|c by Cristi V. Hansen ; prepared in cooperation with the city of Wichita, Kansas.
|
| 255 |
|
|
|a Scale not given ;
|b universal transverse Mercator proj.
|c (W 97°40ʹ--W 97°25ʹ/N 38°05ʹ--N 37°50ʹ).
|
| 264 |
|
1 |
|a Reston, Va. :
|b U.S. Dept. of the Interior, U.S. Geological Survey,
|c 2011.
|
| 300 |
|
|
|a 1 online resource (1 map.) :
|b color
|
| 336 |
|
|
|a cartographic image
|b cri
|2 rdacontent
|
| 337 |
|
|
|a computer
|b c
|2 rdamedia
|
| 338 |
|
|
|a online resource
|b cr
|2 rdacarrier
|
| 490 |
1 |
|
|a Scientific investigations map ;
|v 3159
|
| 500 |
|
|
|a Depths shown by isolines and soundings.
|
| 500 |
|
|
|a Title from title screen (viewed on Aug. 25, 2011).
|
| 500 |
|
|
|a Includes text, location map, graph and table.
|
| 504 |
|
|
|a Includes bibliographical references.
|
| 500 |
|
|
|a Electronic resource.
|
| 610 |
2 |
0 |
|a Equus Beds Ground-water Recharge Demonstration Project (U.S.)
|v Maps.
|
| 650 |
|
0 |
|a Groundwater
|z Kansas
|z Wichita
|v Maps.
|
| 650 |
|
0 |
|a Water table
|z Kansas
|z Wichita
|v Maps.
|
| 710 |
1 |
|
|a Wichita (Kan.)
|
| 710 |
2 |
|
|a Geological Survey (U.S.)
|
| 830 |
|
0 |
|a Scientific investigations map ;
|v 3159.
|
| 856 |
4 |
0 |
|u https://purl.fdlp.gov/GPO/gpo11874
|t 0
|
| 856 |
4 |
0 |
|u https://purl.fdlp.gov/GPO/gpo11874
|t 0
|
| 999 |
|
|
|a MARS
|
| 999 |
f |
f |
|s 1245dd7f-65f7-3470-87af-6f37022a0e34
|i f2cc2216-60fe-350a-8981-1f0323f1b958
|t 0
|
| 952 |
f |
f |
|a Texas A&M University
|b College Station
|c Electronic Resources
|d Available Online
|t 0
|e I 19.91/3:3159
|h Superintendent of Documents classification
|
| 998 |
f |
f |
|a I 19.91/3:3159
|t 0
|l Available Online
|